Statistics for 2018 FIFA World Cup 5 Most and 5 Least experienced Teams

Click here to take the quiz!

General Stats

  • This quiz has been taken 123 times
  • The average score is 7 of 10

Answer Stats

TeamNo of total Caps% Correct
England465
85%
Panama1,414
75%
Belgium1,024
69%
Japan1,003
68%
Mexico1,416
65%
Tunisia448
64%
Nigeria573
61%
Costa Rica1,163
59%
Morocco519
54%
Serbia563
51%

Score Distribution

Percentile by Number Answered

Percent of People with Each Score

Your Score History

You have not taken this quiz